00367nam a2200109Ia 4500008004100000082001900041100002500060245002400085260006200109630001800171650006800189211109s9999||||xx |||||||||||||| ||und|| a891.433bRAM-M aRamesh Kuntal Megh,  0aMan kha njan Kin ke bRajkamal Prakashan Pvt Ltd DelhiaOxford City Pressc1900 xGeneral stack aHindi literaturevHindi fictionxLiterature & rhetoricGeneralia